01176 a2200241 4500003000500000005001700005010001700022020001500039020001800054035002000072035002300092040000900115082002000124100001800144245010100162260006500263300004300328505023900371650003500610856010600645856009100751856009200842Nust20220811143608.0 a 2006286288 a0521780292 a9780521780292 a(OCoLC)61702402 a(OCoLC)ocm61702402 cNust04a621.3670151,HOG1 aHoggar, S. G.10aMathematics of digital images :bcreation, compression, restoration, recognition /cS.G. Hoggar. aCambridge ;aNew York :bCambridge University Press,cc2006. axxxii, 854 p. :bill., port. ;c26 cm. aThe plane (Page-1), the seven braid patterns (Page-43), matrix structures (Page-113), here’s to probability (Page-207), information , error and belief (Page-393), transforming the image (Page-521), See, edit, reconstruct (Page-685). 0aTelecommunication Engineering.423Contributor biographical informationuhttp://www.loc.gov/catdir/enhancements/fy0732/2006286288-b.html423Publisher descriptionuhttp://www.loc.gov/catdir/enhancements/fy0617/2006286288-d.html423Table of contents onlyuhttp://www.loc.gov/catdir/enhancements/fy0617/2006286288-t.html